Genealogie / (Record no. 185927)
[ view plain ]
| 000 -LEADER | |
|---|---|
| campo de control de longitud fija | 00944nam a2200217 i 4500 |
| 001 - NÚMERO DE CONTROL | |
| campo de control | 185927 |
| 003 - IDENTIFICADOR DE NÚMERO DE CONTROL | |
| campo de control | ES-MaACL |
| 005 - FECHA Y HORA DE LA ÚLTIMA TRANSACCIÓN | |
| campo de control | 20251003063200.0 |
| 008 - DATOS DE LONGITUD FIJA--INFORMACIÓN GENERAL | |
| campo de control de longitud fija | 160826s1913 gw |||| | ger d |
| 100 1# - ENTRADA PRINCIPAL--NOMBRE DE PERSONA | |
| Nombre de persona | Forst de Battaglia, Otto, |
| Fechas asociadas al nombre | 1889-1965 |
| 9 (RLIN) | 160582 |
| 245 10 - MENCIÓN DEL TÍTULO | |
| Título | Genealogie / |
| Mención de responsabilidad, etc. | von Otto Forst-Battaglia. |
| 260 ## - PUBLICACIÓN, DISTRIBUCIÓN, ETC. | |
| Lugar de publicación, distribución, etc. | Leipzig [etc.] : |
| Nombre del editor, distribuidor, etc. | B.G. Teubner, |
| Fecha de publicación, distribución, etc. | 1913. |
| 300 ## - DESCRIPCIÓN FÍSICA | |
| Extensión | IV, 68 p. ; |
| Dimensiones | 26 cm. |
| 490 1# - MENCIÓN DE SERIE | |
| Mención de serie | Grundriss der Geschichtswissenschaft zur Einführung in das Studium der deutschen Geschichte des Mittelalters und der Neuzeit ; |
| Designación de volumen o secuencia | 1 |
| 505 8# - NOTA DE CONTENIDO CON FORMATO | |
| Nota de contenido con formato | Contiene bibliografías: "Die literatur zur genealogie": p. 44-54. |
| 650 04 - PUNTO DE ACCESO ADICIONAL DE MATERIA--TÉRMINO DE MATERIA | |
| Término de materia o nombre geográfico como elemento de entrada | Genealogía. |
| 9 (RLIN) | 13045 |
| 650 04 - PUNTO DE ACCESO ADICIONAL DE MATERIA--TÉRMINO DE MATERIA | |
| Término de materia o nombre geográfico como elemento de entrada | Genealogía- |
| Subdivisión de forma | Bibliografías. |
| 9 (RLIN) | 13046 |
| 830 0# - PUNTO DE ACCESO ADICIONAL DE SERIE-TÍTULO UNIFORME | |
| Título uniforme | Grundriss der Geschichtswissenschaft zur Einführung in das Studium der deutschen Geschichte des Mittelalters und der Neuzeit ; |
| Designación de volumen o secuencia | 1 |
| 9 (RLIN) | 225307 |
| 852 ## - LOCALIZACIÓN | |
| Ubicación | ES-MaACL |
| Número de control de estantería | G-15708 |
| Estatus retirado | Estado de pérdida | Estado de daño | No para préstamo | Biblioteca de origen | Biblioteca actual | Ubicación en estantería | Fecha de adquisición | Fuente de adquisición | Total de préstamos | Signatura topográfica completa | Código de barras | Visto por última vez | Precio de reemplazo | Tipo de ítem Koha |
|---|---|---|---|---|---|---|---|---|---|---|---|---|---|---|
| Biblioteca del Ateneo de Madrid | Biblioteca del Ateneo de Madrid | Sala Pecera Planta 3 | 26/08/2016 | G-15708 | 1196011 | 23/02/2023 | 23/02/2023 | Libro impreso |
